[Event "CRO-ch U11"]
[Site "Trogir"]
[Date "2021.06.23"]
[Round "8"]
[White "Benic, Katarina"]
[Black "Koncar, Klara"]
[Result "0-1"]
[WhiteElo "1622"]
[BlackElo "1615"]
[PlyCount "54"]
[EventDate "2021.06.19"]
[EventType "swiss"]
[EventRounds "9"]
[EventCountry "CRO"]
[SourceTitle "EXT 2022"]
[Source "ChessBase"]
[SourceDate "2021.10.06"]
[SourceVersion "1"]
[SourceVersionDate "2021.10.06"]
[SourceQuality "1"]

1. e4 e5 2. Nf3 Nc6 3. Bc4 Bc5 4. 0-0 d6 5. d3 Bg4 6. Bg5 Nf6 7. h3 Bh5 8. Nc3 Nd4 9. g4 Bg6 10. Nd5 h6 11. Bh4 c6 12. Nc3 Qe7 13. a3 a6 14. b4 Ba7 15. Rb1 0-0 16. g5 hxg5 17. Bxg5 Bh5 18. Na2 Nxf3+ 19. Kh1 Nxg5 20. f3 Nxh3 21. Qe2 Nf4 22. Qh2 Nd7 23. Nc3 g6 24. Rbe1 Kg7 25. Ne2 Nxe2 26. Rxe2 Rh8 27. Qg3 Bxf3# 0-1

[Event "CRO-ch U11"]
[Site "Trogir"]
[Date "2021.06.21"]
[Round "5"]
[White "Benic, Katarina"]
[Black "Zagorac, Lara"]
[Result "0-1"]
[WhiteElo "1622"]
[BlackElo "1277"]
[PlyCount "82"]
[EventDate "2021.06.19"]
[EventType "swiss"]
[EventRounds "9"]
[EventCountry "CRO"]
[SourceTitle "EXT 2022"]
[Source "ChessBase"]
[SourceDate "2021.10.06"]
[SourceVersion "1"]
[SourceVersionDate "2021.10.06"]
[SourceQuality "1"]

1. e4 e5 2. Nf3 Nc6 3. Nc3 Nf6 4. Bc4 Bc5 5. a3 d6 6. d3 h6 7. h3 Be6 8. Nd5 Bxd5 9. Bxd5 Nxd5 10. exd5 Ne7 11. c4 a5 12. b3 0-0 13. Nh4 Ng6 14. Nf5 Qf6 15. Qg4 Nf4 16. Bxf4 exf4 17. Qxf4 Qxa1+ 18. Ke2 Qe5+ 19. Qxe5 dxe5 20. g4 Rfe8 21. f3 Bxa3 22. h4 c6 23. d6 Rad8 24. Rg1 Bxd6 25. g5 hxg5 26. Rxg5 g6 27. h5 Kh7 28. Ne3 Kh6 29. Rg3 e4 30. Ng4+ Kg7 31. h6+ Kh8 32. Rh3 exd3+ 33. Kxd3 Bf4+ 34. Kc3 Rd6 35. c5 Rde6 36. Kb2 f5 37. Nf2 Re2+ 38. Ka3 Rxf2 39. h7 Rfe2 40. b4 R8e3+ 41. Ka4 Ra2# 0-1

[Event "CRO-ch U11 Girls"]
[Site "Trogir"]
[Date "2020.08.27"]
[Round "6"]
[White "Benic, Katarina"]
[Black "Zagar, Lara Marija"]
[Result "0-1"]
[WhiteElo "1633"]
[BlackElo "1854"]
[PlyCount "26"]
[EventDate "2020.08.24"]
[EventType "swiss"]
[EventRounds "9"]
[EventCountry "CRO"]
[SourceTitle "CBM 198 Extra"]
[Source "ChessBase"]
[SourceDate "2020.11.30"]
[SourceVersion "1"]
[SourceVersionDate "2020.11.30"]
[SourceQuality "1"]

1. e4 c5 2. Nf3 d6 3. d4 cxd4 4. Nxd4 Nf6 5. Nc3 a6 6. Bg5 Nbd7 7. f4 Qc7 8. Qd2 e6 9. f5 Nc5 10. b4 Ncxe4 11. Qe3 Nxg5 12. Qxg5 Qxc3+ 13. Ke2 Qxa1 0-1